An introduction to electric circuit analysis (Record no. 545534)

000 -LEADER
fixed length control field 00503cam a2200157u 4500
082 ## - DEWEY DECIMAL CLASSIFICATION NUMBER
Classification number 621.3192
Author Mark ARM
-- L-10, P-24
100 1# - MAIN ENTRY--PERSONAL NAME
Personal name Armington, Ralph Elmer. [from old catalog]
9 (RLIN) 41427
245 03 - TITLE STATEMENT
Title An introduction to electric circuit analysis
260 ## - PUBLICATION, DISTRIBUTION, ETC.
Place of publication, distribution, etc. Englewood Cliffs, N.J.,
Name of publisher, distributor, etc. Prentice-Hall,
Date of publication, distribution, etc. 1961.
300 ## - PHYSICAL DESCRIPTION
Extent 244 p.
Other physical details illus.
Dimensions 24 cm.
526 ## - STUDY PROGRAM INFORMATION NOTE
Program name 0
Interest level 0
Reading level 0
Title point value 621_319200000000000_ARM
650 #0 - SUBJECT ADDED ENTRY--TOPICAL TERM
Topical term or geographic name entry element Electric circuits.
9 (RLIN) 10997
650 #0 - SUBJECT ADDED ENTRY--TOPICAL TERM
Topical term or geographic name entry element MCE
9 (RLIN) 379
700 1# - ADDED ENTRY--PERSONAL NAME
Personal name Volz, Carl,
9 (RLIN) 41428
942 ## - ADDED ENTRY ELEMENTS (KOHA)
Source of classification or shelving scheme
Koha item type Book
Holdings
Withdrawn status Lost status Source of classification or shelving scheme Damaged status Not for loan Permanent Location Current Location Date acquired Total Checkouts Full call number Barcode Date last seen Price effective from Koha item type
          Military College of Engineering (MCE) Military College of Engineering (MCE) 05/26/2014   621.3192 ARM MCE-2197 05/26/2014 05/26/2014 Book
© 2023 Central Library, National University of Sciences and Technology. All Rights Reserved.